03045nam a22003017a 450000500170000000800410001704000600005804100080011808200120012610000270013824201310016524501220029625001470041826000700056530001080063550006020074350506130134550600210195854600220197965100250200165100450202685601120207185601120218385601120229585601120240785601120251985601120263120160308080923.0130419k18521853xxu |||fr|||||001|0deng d cSandra Yazo (modificó)dSandra Yazo (modificó)bspa0 aeng04a9422201 aHume, Davidd1711-177603aLa historia de Inglaterrabdesde la invasión de Julio César hasta la abdicación de Jacobo II, 1688cpor David Hume.yspa14aThe history of Englandbfrom the Invasion of Julius Caesar to the Abdication of James the Second, 1688cby David Hume aA new edition [Una nueva edición]bwith the author's last corrections and improvements [con las úlltimas correcciones y mejoras del autor] aBoston (Estados Unidos)bPhillips Sampson, and Companyc1852-1853 a6 volúmenes (xxxii, 483 ; xii, 526 ; xv, 466 ; xvi, 572 ; xvi, 556 ; xvi, 554 páginas)c20 x 13 cm. aDetalles físicos: Encuadernación rígida en cartón forrado en tela texturizada. Tapas y lomo con adornos repujados. Lomo con adornos en dorado. Guardas. Hoja de cortesía. Portada impresa en una sola tinta. Texto en una sola columna, con varios tamaños de letra. Notas de pie de página. Notas al final del libro. Lomos con deterioro en la tela, dobleces en esquinas de tapas. Papel manchado. V.1 Incluye un grabado del autor, en hoja de cortesía una anotación manuscrita, páginas 113 -116 deterioro en el borde vertical. V.4 y V.6 con notorias manchas de humedad y de oxidación1 aV.1: Los Británicos, Romanos, Sajones ; La heptarquía ; El Reino de: Kent, Northumberland, East Anglia, Mercia, Essex ; Sussex ; Wessex ; Los Anglosajones ; Guillermo el Conquistador, El Reinado de Guillermo el Rojo, Enrique I, Esteban ; Enrique II ; Ricardo I, Juan -- V.2: Enrique III ; Eduardo I ; Eduardo II ; Eduardo III ; Ricardo II ; Enrique IV ; Enrique V ; Enrique VI ; Eduardo IV ; Eduardo V y Ricardo III -- V.3: Enrique VII, Enrique VIII, Eduardo VI ; María -- V.4: Isabel, Jacobo I ; Apéndice al Reinado de Jacobo -- V.5: Carlos I ; El Estado Libre Asociado -- V.6: Carlos II ; Jacobo II0 aConsulta en sala aTexto en inglés 4aInglaterraxHistoria 4aInglaterraxReyes y soberanosy1000-15264 zDisponible en línea V.1uhttp://quod.lib.umich.edu/cgi/t/text/text-idx?c=moa;idno=AAZ9879.0001.001;cc=moa4 zDisponible en línea V.2uhttp://quod.lib.umich.edu/cgi/t/text/text-idx?c=moa;idno=AAZ9879.0002.001;cc=moa4 zDisponible en línea V.3uhttp://quod.lib.umich.edu/cgi/t/text/text-idx?c=moa;idno=AAZ9879.0003.001;cc=moa4 zDisponible en línea V.4uhttp://quod.lib.umich.edu/cgi/t/text/text-idx?c=moa;idno=AAZ9879.0004.001;cc=moa4 zDisponible en línea V.5uhttp://quod.lib.umich.edu/cgi/t/text/text-idx?c=moa;idno=AAZ9879.0005.001;cc=moa4 zDisponible en línea V.6uhttp://quod.lib.umich.edu/cgi/t/text/text-idx?c=moa;idno=AAZ9879.0006.001;cc=moa